[Event "Detroit (MI Op/5/3)"]
[Site "?"]
[Date "1990.??.??"]
[Round "?"]
[White "Tsemekhman, Vadim"]
[Black "Knecht, Mark"]
[Result "1-0"]
[WhiteElo "2350"]
[BlackElo "2115"]
[PlyCount "119"]
[EventDate "1990.??.??"]

{5/(3)} 1. d4 d5 2. c4 e6 3. Nc3 c6 4. cxd5 exd5 5. Qc2 Bd6 6. Nf3 Bg4 7. e3
Nd7 8. Bd2 Ngf6 9. Bd3 Bh5 10. Nh4 g6 11. h3 Ne4 12. Bxe4 Qxh4 13. Bd3 f5 14.
Qb3 Rb8 15. O-O Nf6 16. Be1 Bf3 17. Be2 Bxg2 18. Kxg2 Qg5+ 19. Kh1 Qh4 20. f4
Qxh3+ 21. Kg1 Qxe3+ 22. Kg2 Nh5 23. Bxh5 gxh5 24. Rf3 Rg8+ 25. Bg3 Qd2+ 26. Kh1
Qxd4 27. Rd1 Qb6 28. Nxd5 Qxb3 29. Nf6+ Kf7 30. Rxb3 Kxf6 31. Rxd6+ Ke7 32. Rh6
Rg7 33. Bh4+ Kd7 34. Rxh5 Rf7 35. Re3 Re8 36. Rxe8 Kxe8 37. Kg2 Kd7 38. Rh6 Kc7
39. Bf6 a6 40. Be5+ Kb6 41. Rf6 Rxf6 42. Bxf6 Kc5 43. Kg3 Kd5 44. Be5 c5 45.
Kh4 b5 46. Kg5 Ke4 47. Kh6 c4 48. Kxh7 b4 49. Kg6 a5 50. Kg5 Kd3 51. Kxf5 c3
52. bxc3 bxc3 53. Bxc3 Kxc3 54. Ke4 a4 55. f5 a3 56. f6 Kb2 57. f7 Kxa2 58.
f8=Q Kb2 59. Qb4+ Ka2 60. Kd3 1-0

[Event "Detroit (MCO/3/2)"]
[Site "?"]
[Date "1990.??.??"]
[Round "?"]
[White "Tsemekhman, Vadim"]
[Black "Jirjis, Faris"]
[Result "1-0"]
[WhiteElo "2430"]
[BlackElo "2150"]
[PlyCount "91"]
[EventDate "1990.??.??"]

{3/(2)} 1. d4 d5 2. c4 e6 3. Nc3 c5 4. cxd5 exd5 5. Nf3 Nc6 6. g3 Nf6 7. Bg2
Bg4 8. Be3 Bxf3 9. Bxf3 Qd7 10. O-O Rd8 11. Bg5 Nxd4 12. Bxf6 Nxf3+ 13. exf3
gxf6 14. Re1+ Be7 15. Qe2 Kf8 16. Nxd5 Qxd5 17. Qxe7+ Kg7 18. Re4 h5 19. Rf4
Rd6 20. Re1 Rhd8 21. Ree4 a6 22. Kg2 b5 23. b3 Rb8 24. Rf5 Qxf5 25. Qxd6 Ra8
26. Qc6 Qc8 27. Qd5 Kg6 28. Re7 Qf8 29. Rd7 Re8 30. Rd6 c4 31. bxc4 bxc4 32.
Rc6 Rc8 33. Qxc4 Rxc6 34. Qxc6 Qa3 35. Qc4 a5 36. Qc2+ Kg7 37. Qb3 Qc5 38. a4
Qg5 39. Qc2 h4 40. Qe4 f5 41. Qxh4 Qxh4 42. gxh4 f4 43. Kh3 f5 44. h5 Kf7 45.
Kh4 Kf6 46. h3 1-0

[Event "Lansing (MI Inv/7)"]
[Site "?"]
[Date "1990.??.??"]
[Round "?"]
[White "Tsemekhman, Vadim"]
[Black "Hahn, David"]
[Result "1-0"]
[WhiteElo "2325"]
[BlackElo "2225"]
[PlyCount "89"]
[EventDate "1990.??.??"]

1. d4 d6 2. Nf3 g6 3. c4 Bg7 4. e4 Nf6 5. Nc3 O-O 6. Be2 Nbd7 7. O-O e5 8. Be3
Re8 9. d5 Ng4 10. Bg5 f6 11. Bh4 h5 12. Nd2 Nf8 13. h3 Nh6 14. f3 Nf7 15. b4
Bh6 16. Nb3 Be3+ 17. Bf2 Bxf2+ 18. Rxf2 g5 19. g4 Ng6 20. Bf1 Nf4 21. a4 Nh8
22. Raa2 Nhg6 23. a5 hxg4 24. hxg4 Kg7 25. c5 Rh8 26. Rh2 Rh4 27. Raf2 Qh8 28.
Nb5 Nh3+ 29. Bxh3 Rxh3 30. Nxc7 Nf4 31. Qf1 Qh4 32. Nxa8 Bxg4 33. fxg4 Qxg4+
34. Kh1 Nd3 35. Rfg2 Rxh2+ 36. Kxh2 Qh4+ 37. Kg1 Nf4 38. Rh2 Qg3+ 39. Kh1 Qxb3
40. Nc7 Qxb4 41. Ne8+ Kg6 42. Nxd6 Qxc5 43. Nf5 Qb4 44. Ng3 b6 45. Qd1 1-0

[Event "Detroit (MI Op/7/2)"]
[Site "?"]
[Date "1990.??.??"]
[Round "?"]
[White "Tsemekhman, Vadim"]
[Black "Hahn, David"]
[Result "1-0"]
[WhiteElo "2350"]
[BlackElo "2265"]
[PlyCount "83"]
[EventDate "1990.??.??"]

{7/(2)} 1. d4 Nf6 2. c4 g6 3. Nc3 Bg7 4. e4 d6 5. Nf3 O-O 6. Be2 Nbd7 7. O-O e5
8. Be3 Ng4 9. Bg5 f6 10. Bh4 Nh6 11. dxe5 dxe5 12. b4 Nf7 13. Qc2 c6 14. Rfd1
Qe7 15. a3 a5 16. Qb2 axb4 17. axb4 Rxa1 18. Rxa1 Rd8 19. Na4 Nf8 20. Ne1 Ne6
21. Nb6 Nd4 22. Bf1 Bh6 23. c5 Be6 24. Ra3 Nb5 25. Bxb5 Rd2 26. Qb1 cxb5 27.
Rd3 Re2 28. Nd5 Bxd5 29. Rxd5 Bd2 30. f3 Be3+ 31. Kf1 Rd2 32. Nd3 Qf8 33. Be1
Qh6 34. Bxd2 Bxd2 35. Qd1 Be3 36. h3 Bd4 37. Qe2 Qg5 38. Rd7 Qg3 39. Qa2 Kg7
40. Qxf7+ Kh6 41. Qxh7+ Kg5 42. h4+ 1-0

[Event "Lansing (Mini-Swiss.1/1)"]
[Site "?"]
[Date "1990.??.??"]
[Round "?"]
[White "Tsemekhman, Vadim"]
[Black "Gabbara, Faris"]
[Result "1/2-1/2"]
[WhiteElo "2340"]
[BlackElo "2095"]
[PlyCount "86"]
[EventDate "1990.??.??"]

{1/(1)} 1. d4 Nf6 2. c4 e6 3. Nf3 b6 4. a3 Bb7 5. Nc3 Be7 6. d5 exd5 7. cxd5 d6
8. e4 Nbd7 9. Bd3 O-O 10. O-O Re8 11. Re1 Bf8 12. b4 a6 13. Bb2 g6 14. Bf1 Bg7
15. Nd4 Ng4 16. h3 Nh6 17. Qd2 Qf6 18. Nc6 Ne5 19. Nxe5 Qxe5 20. Nd1 Qe7 21.
Bxg7 Kxg7 22. Rc1 Rac8 23. f4 f6 24. Nf2 Qd7 25. Qd4 c5 26. dxc6 Rxc6 27. Rxc6
Qxc6 28. Rd1 Re6 29. Rd3 b5 30. f5 gxf5 31. Rg3+ Kf7 32. Qd1 Ke7 33. Rg7+ Nf7
34. Qh5 Qe8 35. exf5 Re1 36. Ng4 Bd5 37. Qh4 Kd8 38. Qxf6+ Kc8 39. Qc3+ Bc4 40.
Nh2 Qe2 41. Rxf7 Rxf1+ 42. Nxf1 Qxf1+ 43. Kh2 Qf4+ 1/2-1/2

[Event "Lansing (MI Inv/2)"]
[Site "?"]
[Date "1990.??.??"]
[Round "?"]
[White "Tsemekhman, Vadim"]
[Black "Finegold, Mark"]
[Result "1/2-1/2"]
[WhiteElo "2325"]
[BlackElo "2245"]
[PlyCount "140"]
[EventDate "1990.??.??"]

1. d4 Nf6 2. c4 g6 3. Nc3 Bg7 4. e4 d6 5. Nf3 O-O 6. Be2 e5 7. d5 a5 8. Bg5 h6
9. Bh4 g5 10. Bg3 Nh5 11. Nd2 Nf4 12. O-O Nd7 13. Bg4 Nc5 14. Bxc8 Qxc8 15. f3
h5 16. Bf2 Ncd3 17. Rb1 Nxf2 18. Rxf2 Bh6 19. Nf1 f5 20. exf5 Qxf5 21. Ng3 Qg6
22. Rf1 Rf7 23. Nge4 g4 24. fxg4 Raf8 25. Kh1 hxg4 26. g3 Nh3 27. Rxf7 Rxf7 28.
Qe2 Qf5 29. Kg2 Ng5 30. Nxg5 Qxg5 31. Rf1 Rxf1 32. Kxf1 Kg7 33. Ne4 Qf5+ 34.
Kg2 Kg6 35. Nf2 Kg5 36. b3 Bg7 37. a3 Bf6 38. b4 axb4 39. axb4 Bg7 40. Ne4+ Kg6
41. Nc3 Bf6 42. Kg1 Bg7 43. c5 dxc5 44. bxc5 e4 45. Nxe4 Bd4+ 46. Kg2 b5 47. d6
cxd6 48. Nxd6 Qd5+ 49. Qe4+ Qxe4+ 50. Nxe4 Kf5 51. c6 Ke6 52. Kf1 Bb6 53. Ke2
Kd5 54. Kd3 Kxc6 55. Nf6 Bc7 56. Nxg4 Kd5 57. Nf2 b4 58. Ne4 b3 59. Nd2 b2 60.
Kc2 Kd4 61. Kxb2 Ke3 62. Kc2 Kf2 63. Kd3 Kg2 64. g4 Kxh2 65. g5 Kh3 66. Ke4 Bd8
67. g6 Bf6 68. Kf5 Bg7 69. Ne4 Kh4 70. Ke6 Kh5 1/2-1/2

[Event "Lansing (Mini-Swiss.1/2)"]
[Site "?"]
[Date "1990.??.??"]
[Round "?"]
[White "Tsemekhman, Vadim"]
[Black "Cunningham, R."]
[Result "1/2-1/2"]
[WhiteElo "2340"]
[BlackElo "2215"]
[PlyCount "83"]
[EventDate "1990.??.??"]

{1/(2)} 1. d4 d5 2. c4 e6 3. Nc3 c5 4. e3 Nf6 5. Nf3 Nc6 6. cxd5 exd5 7. Be2
Be7 8. O-O O-O 9. b3 Ne4 10. Bb2 Bf6 11. Na4 b6 12. Rc1 Be6 13. dxc5 Bxb2 14.
Nxb2 bxc5 15. Nd3 Qa5 16. Qc2 Rac8 17. Qb2 Rfd8 18. Rfd1 d4 19. exd4 cxd4 20.
Nf4 Nc3 21. Rd2 Bg4 22. Nxd4 Nxe2+ 23. Nfxe2 Bxe2 24. Nxc6 Qxd2 25. Qxd2 Rxd2
26. Ne7+ Kf8 27. Nxc8 Rxa2 28. h3 Rb2 29. Rc3 g6 30. Nxa7 Bd1 31. Nc6 Bxb3 32.
Ne5 Be6 33. Nd3 Rb3 34. Rxb3 Bxb3 35. f4 f6 36. Kf2 Bc4 37. Ke3 Be6 38. Kd4 h5
39. Ke3 Ba2 40. Nc5 Bb1 41. g3 Bc2 42. Kd4 {[Remainder illegible; 1/2-1/2, 48?]
} 1/2-1/2

[Event "Lansing (Mini-Swiss.1/2)"]
[Site "?"]
[Date "1990.??.??"]
[Round "?"]
[White "Tsemekhman, Vadim"]
[Black "Calton, Bill"]
[Result "1-0"]
[WhiteElo "2345"]
[BlackElo "2050"]
[PlyCount "79"]
[EventDate "1990.??.??"]

{1/(2)} 1. d4 Nf6 2. c4 e5 3. dxe5 Ng4 4. e4 Nxe5 5. f4 Nec6 6. Be3 Bb4+ 7. Nd2
Qe7 8. Qf3 f5 9. O-O-O Bxd2+ 10. Bxd2 fxe4 11. Qh5+ g6 12. Qd5 Na6 13. Re1 Nc5
14. Be3 Ne6 15. Qxe4 b6 16. f5 gxf5 17. Qxf5 Rf8 18. Qh5+ Qf7 19. Be2 Bb7 20.
Qxf7+ Kxf7 21. Nf3 Rg8 22. Rhf1 Ke7 23. Nh4 Raf8 24. g4 Ne5 25. h3 d6 26. Bh6
Rxf1 27. Rxf1 Nd4 28. Nf5+ Nxf5 29. Rxf5 Bg2 30. Rh5 Be4 31. Bf4 Nd3+ 32. Bxd3
Bxd3 33. Kd2 Bg6 34. Rb5 Rf8 35. Ke3 Bf7 36. Rb3 Kd7 37. Rc3 Re8+ 38. Kf3 Re1
39. Bg3 b5 40. Bxe1 1-0

[Event "Detroit (RVO/2)"]
[Site "?"]
[Date "1990.??.??"]
[Round "?"]
[White "Tsemekhman, Vadim"]
[Black "Bemben, R."]
[Result "1-0"]
[WhiteElo "2430"]
[BlackElo "1895"]
[PlyCount "47"]
[EventDate "1990.??.??"]

1. d4 f5 2. Nc3 d5 3. Bg5 g6 4. e3 Bg7 5. Nf3 Nc6 6. Bf4 a6 7. h4 h6 8. Rh3 Nf6
9. Rg3 Kf7 10. Ne5+ Nxe5 11. Bxe5 Rg8 12. Bd3 c5 13. h5 Nxh5 14. Rxg6 Bxe5 15.
Rxg8 Kxg8 16. Qxh5 cxd4 17. Qg6+ Kh8 18. Qxh6+ Kg8 19. Qg6+ Kf8 20. exd4 Bxd4
21. O-O-O Qe8 22. Qxe8+ Kxe8 23. Nxd5 Kf7 24. Bc4 1-0

[Event "Detroit (MCO/5/1)"]
[Site "?"]
[Date "1990.??.??"]
[Round "?"]
[White "Tsemekhman, Vadim"]
[Black "Basin, Leonid"]
[Result "1-0"]
[WhiteElo "2430"]
[BlackElo "2510"]
[PlyCount "49"]
[EventDate "1990.??.??"]

{5/(1)} 1. d4 f5 2. Nc3 d5 3. Bg5 c6 4. e3 Qb6 5. Rb1 Nd7 6. Bd3 e6 7. g4 Ndf6
8. gxf5 exf5 9. Bf4 Ne7 10. Be5 Ng4 11. Bg3 g6 12. Be2 Bg7 13. h4 h6 14. Bf4
O-O 15. Qd2 Kh8 16. Nh3 Ng8 17. f3 N4f6 18. Rg1 Kh7 19. Bd3 Qd8 20. Qg2 Qe8 21.
Kd2 Nh5 22. Bd6 Rf6 23. Be5 Rf8 24. Nf4 Bxe5 25. Nxg6 1-0

[Event "Detroit (MI Op/1a/4)"]
[Site "?"]
[Date "1990.??.??"]
[Round "?"]
[White "Tsemekhman, Vadim"]
[Black "Balkany, A."]
[Result "1-0"]
[WhiteElo "2350"]
[BlackElo "1955"]
[PlyCount "79"]
[EventDate "1990.??.??"]

1. d4 Nf6 2. c4 c5 3. d5 b5 4. cxb5 a6 5. b6 g6 6. Nc3 d6 7. e4 Nbd7 8. a4 Nxb6
9. Be2 Bg7 10. a5 Nbd7 11. Nf3 O-O 12. O-O Bb7 13. Nd2 e6 14. Nc4 exd5 15. exd5
Qc7 16. Bf4 Ne5 17. Nb6 Rad8 18. Bg3 Ned7 19. Nc4 Ne5 20. f4 Nxc4 21. Bxc4 Rfe8
22. f5 Ne4 23. f6 Nxg3 24. hxg3 Bh6 25. g4 Re5 26. Rf3 Bg5 27. Qd3 Ra8 28. Ne4
Qd8 29. Nxg5 Rxg5 30. Re1 Re5 31. Rxe5 dxe5 32. Qe3 Qd6 33. Qh6 Qf8 34. Qg5 Re8
35. Rh3 Kh8 36. d6 e4 37. Qxc5 Rd8 38. Qc7 Bc8 39. Qe7 Kg8 40. Bxf7+ 1-0

[Event "Lansing (Mini-Swiss.3/1)"]
[Site "?"]
[Date "1990.??.??"]
[Round "?"]
[White "Troupe, D."]
[Black "Vangilder, W."]
[Result "1-0"]
[WhiteElo "1605"]
[BlackElo "1605"]
[PlyCount "85"]
[EventDate "1990.??.??"]

{3/(1)} 1. e4 e5 2. Nf3 Nc6 3. Bb5 Nf6 4. d3 Bb4+ 5. Bd2 Bxd2+ 6. Nbxd2 O-O 7.
Bxc6 bxc6 8. Nxe5 Bb7 9. O-O d6 10. Nec4 Re8 11. Na5 Rb8 12. Re1 Nd7 13. d4 c5
14. Nxb7 Rxb7 15. dxc5 Nxc5 16. b3 Qd7 17. Qf3 c6 18. c4 Ne6 19. h3 Nd4 20. Qd3
c5 21. Nf3 Nxf3+ 22. Qxf3 f6 23. Rad1 Qc7 24. Qd3 Rb6 25. a3 a5 26. Re3 Re5 27.
f4 Re7 28. Qd2 Ra6 29. b4 axb4 30. axb4 cxb4 31. Qxb4 Rb6 32. Qc3 Qc5 33. Rd5
Rb1+ 34. Kh2 Qc7 35. c5 Rd7 36. Qc4 Kf8 37. Red3 Rb7 38. c6 Rb8 39. e5 Re7 40.
exd6 Re4 41. Qxe4 Qxc6 42. Qe7+ Kg8 43. d7 1-0

[Event "Lansing (MI Am/2/20)"]
[Site "?"]
[Date "1990.??.??"]
[Round "?"]
[White "Troupe, D."]
[Black "Sutton, T."]
[Result "0-1"]
[WhiteElo "1605"]
[BlackElo "1820"]
[PlyCount "62"]
[EventDate "1990.??.??"]

{2/(20)} 1. e4 e5 2. Nf3 Nc6 3. Bb5 a6 4. Ba4 Nf6 5. Nc3 b5 6. Bb3 Be7 7. d4
exd4 8. Nxd4 Nxd4 9. Qxd4 c5 10. Bxf7+ Kxf7 11. Qd1 Re8 12. Bg5 d6 13. Bxf6
Bxf6 14. Qf3 Be6 15. O-O-O Kg8 16. a3 Qd7 17. h4 Bg4 18. Rxd6 Qxd6 19. Qxg4
Bxc3 20. bxc3 Rad8 21. h5 c4 22. Qe2 Qxa3+ 23. Kb1 Qxc3 24. Rd1 Rxd1+ 25. Qxd1
Qe5 26. h6 a5 27. hxg7 a4 28. Ka2 Qxe4 29. f3 Qe6 30. Kb2 b4 31. c3 Qe2+ 0-1

[Event "Detroit (RVO/5)"]
[Site "?"]
[Date "1990.??.??"]
[Round "?"]
[White "Troupe, D."]
[Black "Sundeen, David"]
[Result "0-1"]
[WhiteElo "1605"]
[BlackElo "1700"]
[PlyCount "74"]
[EventDate "1990.??.??"]

1. e4 e5 2. Nf3 Nf6 3. Nxe5 d6 4. Nf3 Nxe4 5. Qe2 Qe7 6. d3 Nf6 7. Be3 Nc6 8.
a3 Bg4 9. h3 Bh5 10. Nc3 h6 11. O-O-O O-O-O 12. g4 Bg6 13. Bg2 d5 14. Nd4 Nxd4
15. Bxd4 Qxe2 16. Nxe2 c6 17. f4 Bd6 18. f5 Bh7 19. Bxa7 Nd7 20. c4 b6 21. cxd5
c5 22. Nc3 Rhe8 23. Nb5 Bf4+ 24. Kb1 Re3 25. Rhf1 Bg3 26. Rf3 Rxf3 27. Bxf3 Kb7
28. d6+ Ka6 29. a4 Nf6 30. Rd2 Bxd6 31. Re2 Bf8 32. Re3 g6 33. fxg6 Bxg6 34.
Be2 c4 35. Kc2 Nd5 36. Rf3 Nb4+ 37. Kc3 cxd3 0-1

[Event "Detroit (RVO/3)"]
[Site "?"]
[Date "1990.??.??"]
[Round "?"]
[White "Troupe, D."]
[Black "Sturgis, Derreck"]
[Result "1/2-1/2"]
[WhiteElo "1605"]
[BlackElo "1605"]
[PlyCount "35"]
[EventDate "1990.??.??"]

1. e4 c5 2. Nf3 Nc6 3. Bb5 a6 4. Bxc6 bxc6 5. d3 d5 6. exd5 cxd5 7. O-O Bg4 8.
Nbd2 f6 9. c4 d4 10. Re1 Qc7 11. Re4 Bf5 12. Qa4+ Bd7 13. Qc2 Bf5 14. Re2 e5
15. Ne4 Bg4 16. Qa4+ Bd7 17. Qc2 Bg4 18. Qa4+ 1/2-1/2

[Event "Lansing (Jan)"]
[Site "?"]
[Date "1990.??.??"]
[Round "?"]
[White "Troupe, D."]
[Black "Sahul, Z."]
[Result "0-1"]
[WhiteElo "1605"]
[BlackElo "1635"]
[PlyCount "48"]
[EventDate "1990.??.??"]

1. e4 e5 2. Nf3 Nc6 3. Bc4 Bc5 4. d3 Nf6 5. Bg5 d6 6. h3 h6 7. Bh4 Be6 8. Bxe6
fxe6 9. Nbd2 d5 10. O-O Qd7 11. Nb3 Bb6 12. a3 O-O-O 13. Qe2 g5 14. Bg3 Qd6 15.
Rad1 Nh5 16. exd5 Nxg3 17. Qd2 exd5 18. Kh2 Nxf1+ 19. Rxf1 e4+ 20. Ne5 Qxe5+
21. g3 h5 22. c3 h4 23. d4 Qf5 24. Qe2 hxg3+ 0-1

[Event "Flint (Class C/3)"]
[Site "?"]
[Date "1990.??.??"]
[Round "?"]
[White "Troupe, D."]
[Black "Rubel, J."]
[Result "0-1"]
[WhiteElo "1605"]
[BlackElo "1605"]
[PlyCount "120"]
[EventDate "1990.??.??"]

1. e4 d6 2. d4 Nf6 3. Nc3 g6 4. Bc4 Bg7 5. h3 O-O 6. Nge2 Nxe4 7. Nxe4 d5 8.
Bxd5 Qxd5 9. f3 b6 10. O-O Ba6 11. N4c3 Qd7 12. Re1 Bxe2 13. Nxe2 e6 14. c3 Na6
15. Be3 Rfe8 16. f4 c6 17. Ng3 Nc7 18. Rc1 Nd5 19. Qf3 Nxe3 20. Qxe3 Qd5 21. b3
b5 22. Rcd1 Red8 23. Ne2 a5 24. a4 bxa4 25. bxa4 Qc4 26. Ra1 Rab8 27. Ng3 c5
28. Ne2 cxd4 29. cxd4 Bxd4 30. Nxd4 Qxd4 31. g3 Qxe3+ 32. Rxe3 Rd4 33. Kf2 Rbb4
34. Rea3 Rd2+ 35. Ke3 Rdb2 36. Kf3 R2b3+ 37. Rxb3 Rxb3+ 38. Kf2 Kg7 39. Re1 Rb4
40. Ra1 Kf6 41. Ra3 h6 42. Kf3 g5 43. fxg5+ hxg5 44. g4 Rf4+ 45. Ke3 Ke5 46.
Ra2 Rb4 47. Kd3 Rb3+ 48. Kc4 Rxh3 49. Rb2 Kf4 50. Rb5 Kxg4 51. Rxa5 f5 52. Re5
f4 53. Rxe6 f3 54. Re4+ Kg3 55. Re3 Kg2 56. a5 f2 57. Re2 Kg1 58. Rxf2 Kxf2 59.
a6 Ra3 60. Kb5 Rxa6 0-1

[Event "Detroit (MOR/1a/8)"]
[Site "?"]
[Date "1990.??.??"]
[Round "?"]
[White "Troupe, D."]
[Black "Rostrom, Richard"]
[Result "1/2-1/2"]
[WhiteElo "1605"]
[BlackElo "1760"]
[PlyCount "170"]
[EventDate "1990.??.??"]

1. e4 c6 2. Nf3 d5 3. e5 Bg4 4. d4 e6 5. Be2 c5 6. Be3 Nd7 7. c3 cxd4 8. Qxd4
Bf5 9. Nbd2 Bc5 10. Qf4 Ne7 11. Nh4 Bg6 12. Bb5 Bxe3 13. Qxe3 O-O 14. O-O Nf5
15. Nxf5 Bxf5 16. Nf3 Nb6 17. b3 a6 18. Bd3 Bxd3 19. Qxd3 Nd7 20. Rfe1 Rc8 21.
Re3 Nc5 22. Qd4 b5 23. b4 Na4 24. Nd2 Rc6 25. Nb3 Rc4 26. Qd2 Qc7 27. Na5 Rxc3
28. Rxc3 Nxc3 29. Qe3 Rc8 30. Nb3 Na4 31. Rc1 Qb7 32. h3 Rxc1+ 33. Qxc1 Nb6 34.
Nc5 Qc6 35. Qg5 Nd7 36. Qe7 Nf8 37. Qa7 h6 38. Qxa6 Qxa6 39. Nxa6 Ng6 40. Nc7
Nxe5 41. Nxb5 Nc6 42. a3 Kf8 43. Kf1 Ke7 44. Ke2 Kd7 45. Kd3 Ne5+ 46. Kd4 Kc6
47. a4 Nd7 48. f4 f6 49. Na7+ Kb6 50. Nc8+ Kc7 51. Ne7 Kd6 52. Ng6 e5+ 53.
fxe5+ fxe5+ 54. Kd3 Nb6 55. a5 Nc4 56. Kc3 Kc6 57. Ne7+ Kd6 58. Nf5+ Kc6 59.
Nxg7 e4 60. Nf5 e3 61. Kd3 Kb5 62. Nd4+ Kxb4 63. a6 Ka5 64. a7 Nb6 65. Kxe3 Ka6
66. Nc6 Kb7 67. Ne7 Kxa7 68. Kd4 Kb7 69. Nxd5 Nd7 70. Ke4 Kc6 71. Ne7+ Kd6 72.
Nf5+ Ke6 73. Nxh6 Nf6+ 74. Kf4 Nd5+ 75. Kg5 Nf6 76. g4 Ne4+ 77. Kg6 Ke7 78. Kg7
Ng5 79. h4 Ne6+ 80. Kg8 Kf6 81. Nf5 Kg6 82. h5+ Kg5 83. h6 Nf4 84. h7 Ng6 85.
Ne7 Nxe7+ 1/2-1/2

[Event "Flint (Class C/1)"]
[Site "?"]
[Date "1990.??.??"]
[Round "?"]
[White "Troupe, D."]
[Black "Mannor, Eric"]
[Result "1-0"]
[WhiteElo "1605"]
[BlackElo "1605"]
[PlyCount "97"]
[EventDate "1990.??.??"]

1. e4 e5 2. Nf3 Nc6 3. Bc4 Bc5 4. d3 d6 5. Ng5 Nh6 6. O-O Bg4 7. Bxf7+ Ke7 8.
Qd2 Nxf7 9. Nxf7 Kxf7 10. Nc3 Rf8 11. Na4 Kg8 12. Nxc5 dxc5 13. f3 Bh5 14. Qc3
Qd4+ 15. Qxd4 cxd4 16. Bg5 h6 17. Bh4 Rae8 18. a3 g5 19. Be1 Rf7 20. h3 Bg6 21.
c3 h5 22. g4 hxg4 23. hxg4 Rh7 24. Kg2 Rf8 25. Bd2 Bf7 26. Bxg5 Bb3 27. Rac1
Na5 28. Bd2 Ba4 29. cxd4 Nb3 30. Rc2 Nxd2 31. Rxd2 exd4 32. Rc1 Rhf7 33. Rf2 b5
34. Kg3 Kg7 35. f4 Kg6 36. Rc6+ Kg7 37. f5 Bd1 38. Rg6+ Kh8 39. Kf4 Rg7 40.
Rh6+ Kg8 41. g5 c5 42. g6 Re8 43. Rfh2 Kf8 44. f6 Rxg6 45. Rxg6 Kf7 46. Kf5
Bg4+ 47. Rxg4 Rb8 48. Rh7+ Ke8 49. Rg8# 1-0

[Event "Lansing (MI Am/4/31)"]
[Site "?"]
[Date "1990.??.??"]
[Round "?"]
[White "Troupe, D."]
[Black "Libby, Dan"]
[Result "0-1"]
[WhiteElo "1605"]
[BlackElo "1715"]
[PlyCount "98"]
[EventDate "1990.??.??"]

{4/(31)} 1. e4 d6 2. d4 Nf6 3. Nc3 g6 4. Nf3 Bg7 5. h3 O-O 6. d5 c5 7. dxc6
bxc6 8. Bc4 Ba6 9. Bb3 Nfd7 10. Na4 Bb5 11. c3 Na6 12. Be3 Nb6 13. Nxb6 axb6
14. a4 Nc5 15. axb5 Rxa1 16. Bxf7+ Kxf7 17. Qxa1 Qa8 18. Qd1 cxb5 19. Ng5+ Kg8
20. O-O h6 21. Bxc5 bxc5 22. Ne6 Rf6 23. Nc7 Qxe4 24. Nxb5 Kh7 25. Nc7 Qb7 26.
Nd5 Rf5 27. Ne3 Rf8 28. Qd2 Rb8 29. Rb1 Qb3 30. Nd1 h5 31. g3 Qe6 32. Kh2 Bh6
33. Qc2 Qf5 34. Qxf5 gxf5 35. Ne3 e6 36. Nc4 d5 37. Ne5 Bg7 38. Nf3 Rb6 39. b4
Bxc3 40. b5 Bf6 41. Kg2 Kg6 42. Ne1 Kf7 43. Kf3 Ke7 44. h4 Kd6 45. Nd3 e5 46.
Ke2 c4 47. Nc1 Kc5 48. Na2 d4 49. f4 e4 0-1

[Event "Detroit (MOR/5/11)"]
[Site "?"]
[Date "1990.??.??"]
[Round "?"]
[White "Troupe, D."]
[Black "Grzegorczyk, Ron"]
[Result "0-1"]
[WhiteElo "1605"]
[BlackElo "1705"]
[PlyCount "100"]
[EventDate "1990.??.??"]

{5/(11)} 1. e4 c5 2. Nf3 Nc6 3. Bb5 a6 4. Bxc6 bxc6 5. b3 d6 6. h3 e5 7. d3 Nf6
8. Bg5 Be7 9. O-O Be6 10. Nbd2 Nd7 11. Be3 d5 12. c3 d4 13. cxd4 cxd4 14. Bxd4
exd4 15. Nxd4 Rc8 16. Nxe6 fxe6 17. Qf3 Bf6 18. Rac1 O-O 19. Qg4 Re8 20. Nc4
Ne5 21. Nxe5 Bxe5 22. Rc5 Bd4 23. Rc2 Qd6 24. Qe2 Rf8 25. Kh1 Rf6 26. f3 Qg3
27. Qe1 Qf4 28. Re2 Be5 29. g4 c5 30. Rg2 g5 31. h4 Rh6 32. h5 Bd4 33. Qa5 Qd6
34. Qd2 Qf4 35. Qa5 e5 36. Qa4 Qf7 37. Rc2 Rf6 38. Qc4 Rb6 39. Kg2 Rcb8 40. Rh1
a5 41. h6 Qxc4 42. Rxc4 Rf8 43. Rh5 Be3 44. Ra4 Ra6 45. a3 Rff6 46. b4 axb4 47.
Rxa6 Rxa6 48. axb4 cxb4 49. Rh1 b3 50. Rb1 Ra2+ 0-1

[Event "Detroit (MOR/3/14)"]
[Site "?"]
[Date "1990.??.??"]
[Round "?"]
[White "Troupe, D."]
[Black "DeJongh, John"]
[Result "1-0"]
[WhiteElo "1605"]
[BlackElo "1685"]
[PlyCount "111"]
[EventDate "1990.??.??"]

{3/(14)} 1. e4 c6 2. Nf3 d5 3. exd5 cxd5 4. d4 Nf6 5. h3 a6 6. Be2 e6 7. Bg5 h6
8. Bh4 Nc6 9. a3 Qa5+ 10. c3 b5 11. O-O Bd6 12. Qc2 Qc7 13. Bxf6 gxf6 14. Nbd2
Bf4 15. Rfe1 Bd7 16. Qd1 e5 17. g3 Rg8 18. Bf1 O-O-O 19. Nb3 e4 20. Nh4 Bxg3
21. Ng2 Bxf2+ 22. Kxf2 Qg3+ 23. Kg1 Bxh3 24. Qd2 Bxg2 25. Bxg2 Rg5 26. Re3 Qd6
27. Nc5 Rdg8 28. Re2 Rh5 29. Rf1 Qh2+ 30. Kf2 Qxg2+ 31. Ke1 Qg3+ 32. Kd1 Na5
33. Rxf6 Rh1+ 34. Kc2 Nc4 35. Qf4 Qxf4 36. Rxf4 Rf8 37. Nxa6 f6 38. Nb4 Nb6 39.
Rf5 Rd8 40. Rxf6 Kb7 41. Rg2 Rd7 42. Nc6 Rh3 43. Ne5 Re7 44. Kd2 Nc4+ 45. Nxc4
dxc4 46. Re2 e3+ 47. Kc2 h5 48. d5 Kc7 49. d6+ Kd7 50. dxe7 Kxe7 51. Rb6 Rf3
52. Rxb5 Kd6 53. Rxh5 Ke6 54. b3 Rf2 55. Rxf2 exf2 56. Rh1 1-0

[Event "Lansing (Apr)"]
[Site "?"]
[Date "1990.??.??"]
[Round "?"]
[White "Troupe, D."]
[Black "Cunningham, J."]
[Result "0-1"]
[WhiteElo "1605"]
[BlackElo "1605"]
[PlyCount "80"]
[EventDate "1990.??.??"]

1. e4 e5 2. f4 Qh4+ 3. g3 Qf6 4. f5 d6 5. Nc3 Nc6 6. Bb5 Bd7 7. Nd5 Qd8 8. Nf3
a6 9. Bc4 Nf6 10. d3 h6 11. Bb3 Na5 12. c4 c6 13. Nxf6+ Qxf6 14. O-O Nxb3 15.
Qxb3 b5 16. g4 Qd8 17. Be3 Be7 18. cxb5 cxb5 19. d4 Bg5 20. dxe5 Bxe3+ 21. Qxe3
dxe5 22. Nxe5 f6 23. Rad1 fxe5 24. Qc5 Qf6 25. a3 h5 26. h3 hxg4 27. hxg4 Qh4
28. Qxe5+ Kd8 29. Rxd7+ Kxd7 30. Rd1+ Kc8 31. Qe6+ Kc7 32. Qe5+ Kb6 33. Qd4+
Ka5 34. Qd6 Qxg4+ 35. Kf2 Qh4+ 36. Ke3 Qg5+ 37. Ke2 Qg2+ 38. Ke3 Rh3+ 39. Kd4
Qxb2+ 40. Kc5 Qc3+ 0-1

[Event "Detroit (MOR/6/25)"]
[Site "?"]
[Date "1990.??.??"]
[Round "?"]
[White "Troupe, D."]
[Black "Carpenter, George"]
[Result "1-0"]
[WhiteElo "1605"]
[BlackElo "1605"]
[PlyCount "61"]
[EventDate "1990.??.??"]

{6/(25)} 1. e4 d6 2. Nf3 Nf6 3. Nc3 g6 4. d4 Bg7 5. h3 O-O 6. Bd3 Nbd7 7. O-O
c6 8. b4 Qc7 9. Re1 Ne8 10. Bd2 b5 11. a4 a6 12. axb5 cxb5 13. Nxb5 Qb7 14. Na3
e6 15. c3 Qc6 16. b5 axb5 17. Bxb5 Qb7 18. Bc4 Nb6 19. Qe2 d5 20. Bd3 Nd6 21.
e5 Nf5 22. Bxf5 Rxa3 23. Rxa3 Nc4 24. Raa1 exf5 25. Reb1 Qc6 26. Bf4 Ba6 27.
Qd1 Ra8 28. Qb3 Bb7 29. Rxa8+ Bxa8 30. Qb8+ Bf8 31. Bh6 1-0

[Event "Lansing (Apr)"]
[Site "?"]
[Date "1990.??.??"]
[Round "?"]
[White "Troupe, D."]
[Black "Burton, J."]
[Result "1-0"]
[WhiteElo "1605"]
[BlackElo "1605"]
[PlyCount "83"]
[EventDate "1990.??.??"]

1. e4 e5 2. Nf3 Nc6 3. Bb5 d6 4. Bxc6+ bxc6 5. d4 exd4 6. Qxd4 Qf6 7. e5 Qe7 8.
O-O f6 9. exf6 Qxf6 10. Re1+ Be7 11. Qc4 c5 12. Bg5 Qf7 13. Qb5+ Bd7 14. Qb7
Rc8 15. Qxa7 Nf6 16. Nc3 O-O 17. Qa6 h6 18. Bxf6 Bxf6 19. Qd3 Bxc3 20. Qxc3 Bg4
21. Re3 Rfe8 22. Nd2 Qxf2+ 23. Kxf2 Rxe3 24. Qxe3 Rb8 25. Nc4 d5 26. Ne5 Bf5
27. Qxc5 Rxb2 28. Qxd5+ Kh7 29. Qf7 Rxc2+ 30. Kg1 Be4 31. Nf3 Bxf3 32. Qxf3 Rc6
33. Qxc6 h5 34. Qxc7 h4 35. Rd1 h3 36. gxh3 Kh6 37. Rd6+ g6 38. Qf7 Kg5 39.
Qxg6+ Kf4 40. Qf6+ Ke4 41. Rd4+ Ke3 42. Qf2# 1-0

[Event "Detroit (RVO/1)"]
[Site "?"]
[Date "1990.??.??"]
[Round "?"]
[White "Troupe, D."]
[Black "Burg, Dan"]
[Result "0-1"]
[WhiteElo "1605"]
[BlackElo "1845"]
[PlyCount "48"]
[EventDate "1990.??.??"]

1. e4 Nf6 2. Nc3 e5 3. Nf3 Nc6 4. Bc4 Bc5 5. h3 O-O 6. d3 h6 7. O-O a6 8. a3 b5
9. Ba2 d6 10. Nd5 Kh7 11. Bd2 Ne7 12. Ne3 Ng6 13. Nf5 d5 14. Qc1 dxe4 15. dxe4
Nxe4 16. Bxh6 Bxf5 17. Bg5 Qd7 18. Rd1 Bxf2+ 19. Kh2 Bg3+ 20. Kg1 Qc6 21. Be3
Nh4 22. Nxh4 Bxh4 23. Bd5 Qg6 24. Bxa8 Rxa8 0-1